000 00840cam a22002412 4500
001 0000001775
005 20151217151828.0
008 070326s xx 000 0 eng d
020 _a1403902550 :
_cKES 4,060
040 _aKABU
_cKABU
050 0 _aHD45
_b.D58
100 1 _aDiVanna, Joseph A.
_@0000150789
245 1 0 _aThinking beyond technology :
_bcreating new value in business /
_cJoseph DiVanna.
260 _aHoundmills, Basingstoke, Hamshire ;
_aNew York :
_bPalgrave Macmillan,
_c2002.
300 _axiii, 226 p. :
_bill. ;
_c25 cm.
504 _aIncludes bibliographical references and index.
650 0 _aTechnological innovations.
_@0000033363
650 0 _aOrganizational behavior.
_@0000150790
650 0 _aValue.
_@0000150791
908 _a070326
950 _@1
999 _c5447
_d5447